[Event "IRI-ch U16"]
[Site "Chess.com INT"]
[Date "2021.01.16"]
[Round "2"]
[White "Mokhtari, Masih"]
[Black "Hamed, Mohamad Mahdi"]
[Result "0-1"]
[WhiteElo "1238"]
[BlackElo "1267"]
[PlyCount "76"]
[EventDate "2021.01.16"]
[EventType "swiss"]
[EventRounds "11"]
[EventCountry "IRI"]
[SourceTitle "EXT 2022"]
[Source "ChessBase"]
[SourceDate "2021.10.06"]
[SourceVersion "1"]
[SourceVersionDate "2021.10.06"]
[SourceQuality "1"]

1. e4 c5 2. c3 Nf6 3. e5 Nd5 4. d4 cxd4 5. cxd4 d6 6. Nf3 Nc6 7. Bb5 Qa5+ 8. Nc3 Nxc3 9. Bxc6+ bxc6 10. bxc3 Qxc3+ 11. Bd2 Qd3 12. Qe2 Qxe2+ 13. Kxe2 g6 14. Rhc1 Ba6+ 15. Ke1 Rc8 16. d5 cxd5 17. Rxc8+ Bxc8 18. exd6 exd6 19. Rc1 Bd7 20. Rc7 Bg7 21. Rxa7 Ke7 22. Ng5 Re8 23. Kf1 f6 24. Nf3 Rb8 25. Nd4 Ke8 26. Ne6 Bh8 27. Nc7+ Kd8 28. Nxd5 Rb1+ 29. Ke2 Bb5+ 30. Ke3 Bc6 31. Rxh7 Bxd5 32. Rxh8+ Kd7 33. g3 Bxa2 34. Rh7+ Ke6 35. Rh6 Rb3+ 36. Ke2 Bb1 37. f4 Bd3+ 38. Kd1 Rb1+ 0-1